Music Quiz

Random Music or Kpop Quiz

Guess The Kpop Boy Group Members' Real Name Quiz Stats

 Plays Quiz not verified by Sporcle

Support Sporcle.
Go Orange.
Score 0/162 Timer 17:00
0 Plays Today
% Correct
Kim Kibum
84.5%
Kim Kibum
84.5%
Lee Taemin
82.2%
Choi Minho
78.2%
Kim Jonghyun
78%
Lee JinKi
75.6%
Kim Heechul
69.8%
Choi Siwon
69.6%
Kim Jaejoong
67.5%
Lee Donghae
67.2%
Choi Seunghyun
66.9%
Kim Junsu
66.4%
Kim Junsu
66.4%
Lee Hongki
64.3%
Lee Hyukjae
63.3%
Kwon Jiyong
62.7%
Cho Kyuhyun
62.5%
Lee Seunghyun
61.4%
Lee Seunghyun
61.4%
Kim Ryeowook
59.8%
Lee Sungmin
59.3%
Kim Hyunjoong
57%
Bang Yongguk
56.7%
Ok Taecyeon
56.2%
Kang Daesung
55.6%
Park Yoochun
54.3%
Shim Changmin
53.3%
Yang Yoseob
53.3%
Kim Myungsoo
53.3%
Shin Donghee
52.8%
Jung Yonghwa
52.2%
Kim Sunggyu
52.2%
Jung Yunho
52%
Lee Jonghyun
51.2%
Lee Gikwang
49.6%
Lee Junho
48.8%
Lee Sungjong
48.8%
Jo Kwon
48.3%
Lee Changmin
47.5%
Lee Sungyeol
47.2%
Park Jungsu
47%
Dong Youngbae
47%
Hangeng
46.2%
Park Jungmin
45.1%
Kim Hyungjun
44.6%
Nichkhun Buck Horvejekuel
44.4%
Lee Howon
44.1%
Nam Woohyun
43.8%
Kim Himchan
43.8%
Kim Jongwoon
43.3%
Jang Hyunseung
42.5%
Kim Youngwoon
41.2%
Son Dongwoon
41.2%
Jang Wooyoung
40.9%
% Correct
Ahn Daniel
40.9%
Lee Jae Jin
40.7%
Yong Junhyung
39.9%
Im Seulong
39.6%
Lee Jungshin
39.6%
Lee Kiseop
39.4%
Jang Dongwoo
39.1%
Shin Dongho
38.8%
Hwang Chansung
38.1%
Kang Minhyuk
38.1%
Kim Kyujong
37.5%
Jung Daehyun
37.3%
Lee Minhyuk
37%
Yoo Youngjae
35.7%
Heo Youngsaeng
35.2%
Woo Jiho
35.2%
Jo Youngmin
34.4%
Jo Kwangmin
34.4%
Shin Soohyun
34.1%
Choi Jun Hong
33.6%
Yang Seungho
33.1%
Jung Jinwoon
32.8%
Lee Changsun
31.8%
Park Sang Hyun
31.5%
Bang Minsoo
31.5%
Pyo Jihoon
31.5%
Bang Chul Yong
31.2%
Lee Byunghun
31%
Park Kyung
29.9%
Choi Minhwan
29.4%
Choi Jonghun
29.1%
No Minwoo
28.3%
Lee Chanhee
28.1%
Choi Jonghyun
28.1%
Lee Taeil
27%
Gong Chanshik
27%
Yun Doo Joon
26.8%
Jung Jinyoung
26.5%
Song Seunghyun
26.2%
Ahn Jaehyo
26.2%
Shin Dongwoo
25.7%
Mun Jongup
25.7%
Kim Jaeseop
25.2%
Jung Byunghee
25.2%
Kim Dongjun
25.2%
Hwang Kwanghee
23.1%
Kim Donghyun
21.8%
Cha Sunwoo
21.3%
Yeo Hoon Min
20.7%
Yoo Changhyun
20.7%
Kim Yookwon
20.5%
Park Hyungshik
19.9%
Lee Junghwan
18.9%
Woo Sung Hyun
17.6%
% Correct
Jung Heechul
17.6%
Lee Jungmin
17.3%
Ha MinWoo
16%
Mun Junyoung
15.2%
Kim Kyung Jae
15%
KimTaehun
14.4%
Daniel Chae
14.2%
Kim Jiyeop
12.3%
Kim Seyong
12.1%
Lee Gunwoo
11.8%
Jang Intae
11%
Kang Insoo
11%
Chae Jinseok
10.5%
Choi Sungmin
10.2%
Im Woongjae
9.4%
David Kim
8.9%
Shim Hyunsung
8.9%
Kang Junkyu
8.9%
Lee Donghyun
8.7%
Park Jisu
8.4%
Lee Dari
8.1%
Woo Hyunmin
7.9%
Woo Sangsoo
7.6%
Park Hyun Chul
7.3%
Lee Suhoon
7.1%
Shim Yejun
6.6%
Lee Injun
6.6%
Jeon Jihwan
6.6%
Lee Dongrim
6%
Woo Jiseok
5.8%
Jung Seunghyun
5.5%
Jung Hoik
5.5%
Kim Jungwoo
5.2%
Kim Jinchul
5%
Jung Haewon
5%
Lee Jongmin
5%
Park Geunee
5%
Hwang Juwon
5%
Son Hyunseok
4.2%
Jung Jungkyun
3.9%
Jin Hyunjin
3.7%
Song Yujin
3.7%
Kim Jinwan
3.4%
Yoo Yae Hyanggi
3.4%
Kim Sangwoo
3.1%
Kang In Oh
3.1%
Choi Younghak
2.9%
Choi Howon
2.4%
Ji Hayong
2.1%
Oh Juntaek
2.1%
Cho Hyunjun
2.1%
Shin Jongguk
2.1%
Kim Wooram
1.8%
Sung Jaehun
1.8%

You're not logged in!

Compare scores with friends on all Sporcle quizzes.
OR
Log In

From the Vault

Thanksgiving TV Episodes

by googlebird

According to our TV, Thanksgiving is the zaniest holiday of all time.
Remove Ads.
Support Sporcle.
Get the best of Sporcle when you Go Orange. This ad-free experience offers more features, more stats, and more fun while also helping to support Sporcle. Thank you for becoming a member.

Show Comments

Extras

Created Mar 22, 2012ReportNominate
Tags:Kpop Quiz, Boy, group

Top Quizzes Today


Score Distribution

Your Account Isn't Verified!

In order to create a playlist on Sporcle, you need to verify the email address you used during registration. Go to your Sporcle Settings to finish the process.

Report this User

Report this user for behavior that violates our Community Guidelines.

Details: